000 003960000a22001690004500
003 MACL
005 20160105175025.0
008 160105b xxu||||| |||| 00| 0 eng d
040 _aMACL
_cMACL
041 _aEnglish
082 _a823/MUN
100 _aMunro, Nell
_928404
245 _aThe New
260 _bWilliam Heinemann
_c1919
_aLondon
650 _aNovel
_9153
942 _cBK
_k823/Mun
_2ddc
999 _c36666
_d36666